000 00853nam a22002415i 4500
001 156108
003 ES-MaACL
005 20250626193830.0
008 970605s1899 sp |||| | spa d
040 _aCLM
_bspa
_cCCPB | SIC
100 1 _aIsern y Marco, Damián,
_d1852-1914
_965561
245 1 0 _aDel desastre nacional y sus causas /
_cpor Damián Isern.
260 _aMadrid :
_b[s.n.],
_c1899 (
_fImprenta de la viuda. de M. Minuesa de los Rios...)
300 _aVIII, 536 p. ;
_c22 cm.
504 _aReferencias bibliográficas.
597 1 _aAntep.
651 7 _aEspaña-
_xHistoria-
_yS.XIX
_2
_9142005
651 7 _aEspaña-
_xPolítica y gobierno-
_yS.XIX
_2
_9161744
700 1 _aMinuesa, Manuel, Viuda,
_eimp.
_9129955
752 _aEspaña -
_dMadrid
852 _aES-MaACL
_jG-15560
_z-- Enc. hol.
999 _c156108
_d156108